MARC

LEADER 00000nas a2200000 a 4500
001 ssj0000561827
003 WaSeSS
005 20200512172242.0
006 m d
007 cr n
008 100205c20099999sz fx p s i1 a0eng c
010 |a  2010252129  |z  2010264034 
016 7 |a 016129375  |2 Uk 
022 |l 2076-9806  |y 2076-9806 
035 |a (WaSeSS)ssj0000561827 
040 |a AU@  |b eng  |c AU@  |d WAU  |d DLC  |d IL#  |d NLGGC  |d OCLCQ  |d IUL  |d OCLCF  |d OCLCO  |d OCL  |d OCLCO  |d YDX  |d UKMGB  |d RDF  |d ZAS  |d WaSeSS 
042 |a pcc 
050 0 0 |a HD6350.A1  |b I58 
050 1 4 |a HD5701  |b .I58 
082 0 4 |a 331  |2 22 
222 0 |a International journal of labour research 
245 0 0 |a International journal of labour research  |h [electronic resource]. 
260 |a Geneva :  |b Bureau for Workers' Activities of the ILO,  |c 2009- 
310 |a Twice a year 
362 1 |a Began with vol. 1, issue 1 (2009). 
500 |a Papers from workshops organized by the Bureau for Workers' Activities and other similar organizations. 
500 |a Each issue has also a theme title. 
506 |a License restrictions may limit access. 
580 |a Published also in French as: Journal international de recherche syndicale, and in Spanish as: Boletín internacional de investigación sindical. 
588 |a Description based on: Vol. 1, issue 1 (2009); title from title page. 
588 |a Latest issue consulted: Vol. 2, issue 1 (2010). 
650 0 |a Labor unions  |v Congresses. 
650 0 |a International labor activities  |v Congresses. 
650 0 |a Globalization  |x Economic aspects  |v Congresses. 
650 1 7 |a trade union  |2 ilot 
650 1 7 |a international trade union  |2 ilot 
650 1 7 |a trade union role  |2 ilot 
650 1 7 |a developed countries  |2 ilot 
650 1 7 |a developing countries  |2 ilot 
650 1 7 |a syndicat  |2 tbit 
650 1 7 |a syndicat international  |2 tbit 
650 1 7 |a rôle du syndicat  |2 tbit 
650 1 7 |a pays développés  |2 tbit 
650 1 7 |a pays en développement  |2 tbit 
650 1 7 |a sindicato  |2 toit 
650 1 7 |a sindicato internacional  |2 toit 
650 1 7 |a papel del sindicato  |2 toit 
650 1 7 |a países desarrollados  |2 toit 
650 1 7 |a países en desarrollo  |2 toit 
650 1 7 |a Arbeid  |2 gtt 
650 7 |a Globalization  |x Economic aspects.  |2 fast  |0 (OCoLC)fst00943533 
650 7 |a International labor activities.  |2 fast  |0 (OCoLC)fst00976978 
650 7 |a Labor unions.  |2 fast  |0 (OCoLC)fst00990260 
655 0 |a Electronic journals. 
710 2 |a International Labour Office.  |b Bureau for Workers' Activities. 
775 1 |t Journal international de recherche syndicale  |x 2076-9830  |w (OCoLC)681345799 
775 1 |t Boletín internacional de investigación sindical  |x 2076-9865  |w (OCoLC)681345809 
850 |a DLC 
853 2 0 |8 1  |a v.  |b issue  |u 2  |v r  |i (year)  |w 2 
856 4 0 |z Full text available from Research Library: 01/01/2009 to 12/31/2016  |u https://search.proquest.com/publication/226543 
856 4 0 |z Full text available from Research Library: 01/01/2019 to present  |u https://search.proquest.com/publication/226543 
863 4 1 |8 1.1  |a 1  |b 1  |i 2009